LEADER 01989nas 2200589-a 450 001 996201830903316 005 20240413023440.0 035 $a(CKB)110978979592457 035 $a(CONSER)---90640736- 035 $a(EXLCZ)99110978979592457 100 $a19881229a19889999 --- a 101 0 $aeng 181 $ctxt$2rdacontent 182 $cc$2rdamedia 183 $acr$2rdacarrier 200 00$aAethlon 210 $aSan Diego, CA $cSan Diego State University Press for the Sport Literature Association$d©1988- 210 3 $aJohnson City, TN $cEast Tennessee State University Press, East Tennessee State University 215 $a1 online resource 300 $aRefereed/Peer-reviewed 300 $aTitle from cover. 311 08$aPrint version: Aethlon. 1048-3756 (DLC) 90640736 (OCoLC)18952049 330 $a"The journal of sport literature." 531 $aAETHLON 531 0 $aAethlon 606 $aSports in literature$vPeriodicals 606 $aSports stories$vPeriodicals 606 $aSports$vPeriodicals 606 $aSports stories$xHistory and criticism$vPeriodicals 606 $aSports dans la littérature$vPériodiques 606 $aSports in literature$2fast$3(OCoLC)fst01130684 606 $aSports$2fast$3(OCoLC)fst01130432 606 $aSports stories$2fast$3(OCoLC)fst01130763 608 $aCriticism, interpretation, etc.$2fast 608 $aPeriodicals.$2fast 608 $aPeriodicals.$2lcgft 615 0$aSports in literature 615 0$aSports stories 615 0$aSports 615 0$aSports stories$xHistory and criticism 615 6$aSports dans la littérature 615 7$aSports in literature. 615 7$aSports. 615 7$aSports stories. 676 $a810.8/355 712 02$aSport Literature Association, 712 02$aEast Tennessee State University, 906 $aJOURNAL 912 $a996201830903316 920 $aexl_impl conversion 996 $aAethlon$92057431 997 $aUNISA LEADER 01159cam2 22002891 450 001 SOBE00085168 005 20251217085027.0 100 $a20251212d1973 |||||ita|0103 ba 101 $aita 102 $aIT 200 1 $a<>Partito comunista italiano e la guerra di Liberazione 1943-1945$ericordi, documenti inediti e testimonianze$fPietro Secchia 205 $a2. ed 210 $aMilano$cFeltrinelli$d1973 215 $aXLVI, 1142 p.$d25 cm 300 $aAnnali, anno 13 (1971) 461 1$1001SOBE00045953$12001 $aAnnali / Istituto Giangiacomo Feltrinelli$v13/1971 500 10$a<>Partito comunista italiano e la guerra di Liberazione 1943-1945$3SOBA00036386$9171356 700 1$aSecchia$b, Pietro$3SOBA00034572$4070$0119681 801 0$aIT$bUNISOB$c20251217$gRICA 850 $aUNISOB 852 $aUNISOB$j900|Coll|69|K$m19480 912 $aSOBE00085168 940 $aM 102 Monografia moderna SBN 941 $aM 957 $a900|Coll|69|K$b000010$gSI$d19480$racquisto$1bethb$2UNISOB$3UNISOB$420251212115201.0$520251212115232.0$6bethb 996 $aPartito comunista italiano e la guerra di Liberazione 1943-1945$9171356 997 $aUNISOB